Statistics for identify kpop groups by song

Click here to take the quiz!

General Stats

  • This quiz has been taken 572 times
  • The average score is 9 of 15

Answer Stats

song name Answer % Correct
WolfEXO
97%
Cheer upTwice
93%
NoNoNoApink
87%
Mr.ChuApink
87%
I got a boySNSD
86%
Electric shockf(x)
86%
DaddyPSY
75%
ITaeyeon
60%
Hide and SeekAstro
49%
UmOhAhYeahMamamoo
48%
Bad BoyBig Bang
45%
I need a girlTaeyang
33%
Be mine2ne1
25%
Good luckBeast
23%
Dreadful4ten
2%

Score Distribution

Percentile by Number Answered

Percent of People with Each Score

Your Score History

You have not taken this quiz